Statystyki dla Premierzy III RP (trudna wersja)

Kliknij tutaj aby rozwiązać quiz!

Ogólne statystyki

  • Ten quiz został rozwiązany 208 razy
  • Średni wynik to 12 z 17

Statystyki odpowiedzi

Długość urzędowaniaKadencjaUgrupowanie polityczneImię i nazwisko% Poprawnych
2502 dniVI i VII kadencjaPlatforma ObywatelskaDonald Tusk
93%
827 dniIX kadencjaPrawo i SprawiedliwośćMateusz Morawiecki
91%
490 dniV kadencjaPrawo i SprawiedliwośćJarosław Kaczyński
89%
756 dniVIII kadencjaPrawo i SprawiedliwośćBeata Szydło
87%
420 dniVII kadencjaPlatforma ObywatelskaEwa Kopacz
85%
926 dniIV kadencjaSojusz Lewicy DemokratycznejLeszek Miller
85%
256 dniV kadencjaPrawo i SprawiedliwośćKazimierz Marcinkiewicz
77%
35 dniI kadencjaPolskie Stronnictwo LudoweWaldemar Pawlak
76%
496 dniII kadencjaPolskie Stronnictwo LudoweWaldemar Pawlak
75%
498 dniX kadencja (Sejm PRL)Komitet Obywatelski "Solidarność"Tadeusz Mazowiecki
74%
182 dniI kadencjaPorozumienie CentrumJan Olszewski
71%
472 dniI kadencjaUnia DemokratycznaHanna Suchocka
65%
337 dniII kadencjaSojusz Lewicy Demokratycznej; Socjaldemokracja Rzeczypospolitej PolskiejJózef Oleksy
65%
1449 dniIII kadencjaRuch Społeczny Akcja Wyborcza SolidarnośćJerzy Buzek
61%
547 dniIV kadencjaSojusz Lewicy DemokratycznejMarek Belka
61%
336 dniX kadencja (Sejm PRL)Kongres Liberalno-DemokratycznyJan Krzysztof Bielecki
56%
632 dniII kadencjaSojusz Lewicy DemokratycznejWłodzimierz Cimoszewicz
23%

Rozkład punktacji

Percentyl według liczby udzielonych odpowiedzi

Procent ludzi z każdym wynikiem

Twoja historia wyników

Nie rozwiązałeś tego quizu